Central Library OPAC University of Rajshahi

Applications of digital signal processing / (Record no. 66364)

MARC details
000 -LEADER
fixed length control field 00948nam a2200289 a 4500
001 - CONTROL NUMBER
control field 66364
003 - CONTROL NUMBER IDENTIFIER
rucl marc code BD-RjUL
005 - DATE AND TIME OF LATEST TRANSACTION
control field 20211209081531.0
008 - FIXED-LENGTH DATA ELEMENTS--GENERAL INFORMATION
fixed length control field 170315s1978 njua b 001 0 eng
020 ## - INTERNATIONAL STANDARD BOOK NUMBER
International Standard Book Number 0130391158
035 ## - SYSTEM CONTROL NUMBER
System control number MITb10058413
System control number (BD-RjUL)66494
System control number GLIS00058413
040 ## - CATALOGING SOURCE
Original cataloging agency DLC
Transcribing agency DLC
Modifying agency m.c.
-- MYG
-- BD-RjUL
Language of cataloging eng
041 ## - LANGUAGE CODE
Language code of text/sound track or separate title eng
082 ## - DEWEY DECIMAL CLASSIFICATION NUMBER
Edition number 23
Classification number 621.3822
Author mark and year APP 1978
099 ## - LOCAL FREE-TEXT CALL NUMBER (OCLC)
Bangla Class number TK5102.5.A68
245 00 - TITLE STATEMENT
Title Applications of digital signal processing /
Statement of responsibility, etc. Alan V. Oppenheim, editor.
260 ## - PUBLICATION, DISTRIBUTION, ETC. (IMPRINT)
Place of publication, distribution, etc. Englewood Cliffs, N.J. :
Name of publisher, distributor, etc. Prentice-Hall,
Date of publication, distribution, etc. c1978.
300 ## - PHYSICAL DESCRIPTION
Pagination xii, 499 p. :
Illustrations ill. ;
Size 24 cm.
490 1# - SERIES STATEMENT
Series statement Prentice-Hall signal processing series
504 ## - BIBLIOGRAPHY, ETC. NOTE
Bibliography, etc Includes bibliographical references and index.
650 #0 - SUBJECT ADDED ENTRY--TOPICAL TERM
Topical term or geographic name as entry element Signal processing.
General subdivision Digital techniques
9 (RLIN) 196398
700 1# - ADDED ENTRY--PERSONAL NAME
Personal name Oppenheim, Alan V.,
Dates associated with a name 1937-
830 #0 - SERIES ADDED ENTRY--UNIFORM TITLE
Uniform title Prentice-Hall signal processing series.
942 ## - ADDED ENTRY ELEMENTS (KOHA)
Source of classification or shelving scheme Dewey Decimal Classification
Koha item type Books
Holdings
Lost status Source of classification or shelving scheme Damaged status Not for loan Collection code Permanent Location Current Location Shelving location Date acquired Source of acquisition Cost, normal purchase price Total Checkouts Full call number Date last seen Copy number Koha item type
  Dewey Decimal Classification   Not For Loan Non-fiction Central Library, University of Rajshahi Central Library, University of Rajshahi Rare Book Section 28/04/1998 Dhaka, Ahsania mission book dis. home. 4121.90   621.3822 APP 1978 15/03/2017 C-1 Books